🎶 Paroles "Bergère" Anne Sylvestre - Statistiques

Statistiques générales
  • Ce quiz a été pris 9 fois
  • Le résultat moyen est 246 sur 386
Statistiques - réponses
Mots % Correct
Et
100%
il
100%
À
88%
à
88%
a
88%
Ah
88%
c'
75%
C'
75%
Ce
75%
ce
75%
ces
75%
d'
75%
de
75%
De
75%
des
75%
du
75%
Elle
75%
elle
75%
es
75%
est
75%
est-
75%
Ils
75%
J'
75%
Je
75%
je
75%
l'
75%
la
75%
La
75%
le
75%
Le
75%
les
75%
lui
75%
m'
75%
mai
75%
Mais
75%
me
75%
Me
75%
moi
75%
Moi
75%
moi,
75%
N'
75%
n'
75%
Par
75%
pas
75%
Qu'
75%
qu'
75%
que
75%
Que
75%
qui
75%
Qui
75%
s'
75%
se
75%
t-
75%
t'
75%
Tu
75%
tu
75%
vous
75%
Vous
75%
ai
63%
as
63%
assez
63%
au
63%
Avec
63%
beaux
63%
bergère
63%
Bergère,
63%
bien
63%
comme
63%
Comment
63%
dans
63%
Dans
63%
dis-
63%
dis
63%
Dis-
63%
dit
63%
donc
63%
donc ?
63%
En
63%
en
63%
êtes
63%
faire
63%
faut
63%
grand-
63%
mal
63%
mes
63%
mois
63%
mon
63%
moutons ?
63%
moutons
63%
non
63%
on ?
63%
On
63%
on
63%
ont
63%
passé ?
63%
père
63%
petit
63%
peu
63%
plus
63%
pour
63%
Pour
63%
pré
63%
prends-
63%
raconté
63%
regarder
63%
sais
63%
sais,
63%
sans
63%
sont
63%
te
63%
ton
63%
tout
63%
trop
63%
un
63%
Un
63%
une
63%
vais
63%
veux
63%
votre
63%
Votre
63%
vraiment
63%
Vraiment
63%
y
63%
yeux
63%
amuse
50%
attendaient
50%
aurais
50%
avant
50%
baraqués
50%
beaucoup
50%
besoin
50%
changé
50%
cour
50%
cour,
50%
déplaise
50%
derrière
50%
dessous
50%
dix
50%
être
50%
expliqué
50%
fiancée
50%
filles
50%
fine
50%
frère
50%
mieux
50%
moins
50%
m'sieur
50%
parle-
50%
parlez
50%
pied
50%
poitrine
50%
préfère
50%
puis
50%
shampoing
50%
soleil
50%
taille
50%
tant
50%
trouver
50%
vieux
50%
voilà
50%
achetions
38%
affaire
38%
amuser
38%
auront ?
38%
autres
38%
brin
38%
changer
38%
comblée
38%
devais
38%
devrais
38%
exagères
38%
Faudra
38%
fière
38%
fous
38%
jambe
38%
long
38%
manières
38%
Monsieur,
38%
Monsieur
38%
monsieur
38%
nez
38%
remarquée
38%
sera
38%
Soit
38%
terrible,
38%
touche
38%
trompe
38%
voulais
38%
vouloir
38%
allons
25%
causantes
25%
chante
25%
compliment
25%
coq
25%
déplaire
25%
Devinez
25%
faites
25%
famille
25%
fonder
25%
gloussant
25%
point
25%
résister
25%
rigoler
25%
roi
25%
Suffit
25%
vienne
25%
Aucun quiz correspondant
Distribution des résultats
% des personnes avec chaque résultat
Percentile par nombre de réponses
Votre historique - résultats
Vous n’avez pas pris ce quiz